|
|
|
|
| LEADER |
00000nab#a22000007a#4500 |
| 001 |
arbauad012085 |
| 003 |
AR-BaUAD |
| 005 |
20250711111224.0 |
| 008 |
950621|||||||||###||||||b###|0###a|spa|| |
| 040 |
|
|
|a AR-BaUAD
|c AR-BaUAD
|b spa
|
| 245 |
1 |
0 |
|a IBM Branch Office Building
|
| 300 |
0 |
|
|b cortes, fot., implant., plantas
|
| 653 |
|
|
|a EDIFICIOS DE OFICINAS
|
| 653 |
|
|
|a IBM
|
| 653 |
|
|
|a HOUSTON
|
| 653 |
|
|
|a TEXAS
|
| 653 |
|
|
|a ESTADOS UNIDOS
|
| 653 |
|
|
|a CAUDILL-ROWLETT-SCOTT
|
| 773 |
0 |
|
|t A+U
|g no. 152 [mayo 1983], p. 91-97
|
| 942 |
|
|
|c ARTI
|
| 952 |
|
|
|0 0
|1 0
|4 0
|7 0
|9 57005
|a AR-BAuAD
|b AR-BAuAD
|d 2025-07-11
|l 0
|p AAQA012085
|r 2025-07-11 11:12:24
|w 2025-07-11
|y ARTI
|
| 990 |
|
|
|a AQ198
|b TD
|
| 998 |
|
|
|a AAQ
|b BIBUN76
|
| 999 |
|
|
|c 36678
|d 36678
|